[Event "DVM U20w 2013"]
[Site "Osnabrück GER"]
[Date "2013.12.27"]
[Round "1"]
[White "Schäfer, Annabelle"]
[Black "Endress, Anna"]
[Result "1/2-1/2"]
[Termination "normal"]
[Board "1.1"]
[WhiteElo "1948"]
[BlackElo "2138"]
[WhiteTeam "BSV 63 Chemie Weißensee"]
[BlackTeam "TSV Schott Mainz"]
[WhiteFideId "12917729"]
[BlackFideId "24629472"]
[EventCountry "GER"]
[EventRounds "7"]
[EventType "team-swiss"]
[EventDate "2013.12.26"]

1. e4 c5 2. Nc3 Nc6 3. Bb5 d6 4. Bxc6+ bxc6 5. f4 d5 6. d3 g6 7. Nf3 Bg7 8. O-O
e6 9. Qe1 Ba6 10. Ne5 Qd6 11. Rf3 Ne7 12. Ng4 h5 13. Nf2 O-O 14. e5 Qd8 15. g4
hxg4 16. Nxg4 Nf5 17. Rh3 c4 18. dxc4 Bxc4 19. b3 Ba6 20. Nd1 Re8 21. Nde3 c5
22. Nxf5 exf5 23. Nh6+ Bxh6 24. Rxh6 Kg7 25. Rh3 d4 26. c3 Bb7 27. Bb2 Qd5 28.
Qg3 Rh8 29. Rxh8 Rxh8 30. Kf2 Qe4 31. Re1 Qd5 32. cxd4 cxd4 33. e6 fxe6 34. Rc1
Rc8 35. Rxc8 Bxc8 36. Qd3 a6 37. Qxd4+ Qxd4+ 38. Bxd4+ Kh6 39. Bf6 Bb7 40. b4
Bc6 41. a3 Bb5 42. Bg5+ Kg7 43. Ke3 Kf7 44. Kd4 Ke8 45. Ke5 Kf7 46. Kd6 Ba4 47.
Kc5 Bb5 48. Kb6 Ke8 49. a4 Bxa4 50. Kxa6 Kd7 51. b5 Kc8 52. Kb6 Bb3 53. Kc5 Bd5
54. Kd6 Kb7 55. Bd8 Bc6 56. b6 Bd5 57. h4 Bc4 58. Bc7 Bd5 59. Ke5 Bf3 60. Kxe6
Bh5 1/2-1/2

[Event "DVM U20w 2013"]
[Site "Osnabrück GER"]
[Date "2013.12.27"]
[Round "1"]
[White "Schmalhorst, Sophia"]
[Black "Koch, Elisabeth"]
[Result "1/2-1/2"]
[Termination "normal"]
[Board "1.2"]
[WhiteElo "1926"]
[BlackElo "1688"]
[WhiteTeam "TSV Schott Mainz"]
[BlackTeam "BSV 63 Chemie Weißensee"]
[WhiteFideId "24682497"]
[BlackFideId "24695068"]
[EventCountry "GER"]
[EventRounds "7"]
[EventType "team-swiss"]
[EventDate "2013.12.26"]

1. e4 e5 2. Nf3 Nc6 3. Bc4 Nf6 4. d3 Bc5 5. c3 d6 6. Nbd2 a6 7. Bb3 O-O 8. h3
Ba7 9. Nf1 h6 10. g4 d5 11. Qe2 dxe4 12. dxe4 Qe7 13. Ng3 Rd8 14. Nf5 Qc5 15.
Be3 Qa5 16. Bxa7 Rxa7 17. O-O Bxf5 18. gxf5 Qc5 19. Nh2 Na5 20. Ng4 Nxg4 21.
hxg4 Nxb3 22. axb3 Raa8 23. Rfd1 Qe7 24. Kg2 Qg5 25. f3 Rxd1 26. Rxd1 Rd8 27.
Rxd8+ Qxd8 28. b4 Kf8 29. Qe3 Qd6 30. Kg3 Ke7 31. Qe2 Kd7 1/2-1/2

[Event "DVM U20w 2013"]
[Site "Osnabrück GER"]
[Date "2013.12.27"]
[Round "1"]
[White "Greßmann, Hanna"]
[Black "Schwarz, Larissa"]
[Result "1/2-1/2"]
[Termination "normal"]
[Board "1.3"]
[WhiteElo "1537"]
[BlackElo "1900"]
[WhiteTeam "BSV 63 Chemie Weißensee"]
[BlackTeam "TSV Schott Mainz"]
[WhiteFideId "12930709"]
[BlackFideId "24699004"]
[EventCountry "GER"]
[EventRounds "7"]
[EventType "team-swiss"]
[EventDate "2013.12.26"]

1. e4 c5 2. Nf3 e6 3. d4 cxd4 4. Nxd4 a6 5. Nc3 Nc6 6. a3 Qc7 7. Be3 Nf6 8. g3
Be7 9. Bg2 O-O 10. O-O d6 11. f4 Nxd4 12. Bxd4 e5 13. Be3 Be6 14. f5 Bd7 15. g4
h6 16. h4 Bc6 17. g5 hxg5 18. hxg5 Nh7 19. Qh5 Qd8 20. g6 Nf6 21. Qh4 Qe8 22.
Qg3 Nh5 23. Qg4 Nf6 24. Qg3 Nh5 25. Qg4 1/2-1/2

[Event "DVM U20w 2013"]
[Site "Osnabrück GER"]
[Date "2013.12.27"]
[Round "1"]
[White "Brandl, Lea Maria"]
[Black "Kluge, Helene"]
[Result "1-0"]
[Termination "normal"]
[Board "1.4"]
[WhiteElo "1741"]
[BlackElo "1018"]
[WhiteTeam "TSV Schott Mainz"]
[BlackTeam "BSV 63 Chemie Weißensee"]
[WhiteFideId "24693049"]
[BlackFideId "12983179"]
[EventCountry "GER"]
[EventRounds "7"]
[EventType "team-swiss"]
[EventDate "2013.12.26"]

1. d4 Nf6 2. c4 d5 3. cxd5 Nxd5 4. Nf3 e6 5. e4 Ne7 6. Nc3 g6 7. Bf4 a6 8. Be5
Rg8 9. Be2 Nbc6 10. Bf4 Bg7 11. Be3 Rh8 12. O-O f5 13. e5 Nd5 14. Nxd5 Qxd5 15.
a3 h6 16. Rc1 g5 17. Rc5 Qd7 18. d5 Nxe5 19. Qc1 Nxf3+ 20. Bxf3 Be5 21. Re1 Bd6
22. dxe6 Qe7 23. Rxf5 Rf8 24. Bh5+ Kd8 25. Rxf8+ Qxf8 26. Bf7 Qe7 27. Bd4 b6
28. Qc3 Qf8 29. Bf6+ Be7 30. Qd3+ Bd7 31. Qxd7# 1-0

[Event "DVM U20w 2013"]
[Site "Osnabrück GER"]
[Date "2013.12.27"]
[Round "1"]
[White "Hartewig, Anja"]
[Black "Nguyen Minh, Thuy"]
[Result "0-1"]
[Termination "normal"]
[Board "2.1"]
[WhiteElo "1819"]
[BlackElo "1975"]
[WhiteTeam "Chemnitzer SC Aufbau`95 2"]
[BlackTeam "Chemnitzer SC Aufbau`95 1"]
[WhiteFideId "12917966"]
[BlackFideId "24672688"]
[EventCountry "GER"]
[EventRounds "7"]
[EventType "team-swiss"]
[EventDate "2013.12.26"]

1. d4 Nf6 2. c4 e6 3. g3 d5 4. Nf3 b6 5. Bg2 Bb7 6. O-O Nbd7 7. Nc3 Bb4 8. Qc2
O-O 9. a3 Bxc3 10. Qxc3 Ne4 11. Qc2 Rc8 12. cxd5 Bxd5 13. Ne5 Ndf6 14. f3 Nd6
15. Bg5 c5 16. Qd1 Nde8 17. Qa4 cxd4 18. Rfd1 h6 19. Bxf6 Nxf6 20. Qxd4 Bb3 21.
Rd3 Qxd4+ 22. Rxd4 Rc2 23. Nd7 Nxd7 24. Rxd7 Rxe2 25. Rxa7 Rc8 26. f4 Bd5 27.
Bxd5 exd5 28. Rd7 Rcc2 29. Rxd5 Rg2+ 30. Kf1 Rxh2 31. Kg1 Rcg2+ 32. Kf1 Rxb2
33. Kg1 Rbg2+ 34. Kf1 Rxg3 35. Rdd1 Rh1+ 0-1

[Event "DVM U20w 2013"]
[Site "Osnabrück GER"]
[Date "2013.12.27"]
[Round "1"]
[White "Nobis, Anna"]
[Black "Nitzsche, Pia"]
[Result "1-0"]
[Termination "normal"]
[Board "2.2"]
[WhiteElo "1786"]
[BlackElo "1683"]
[WhiteTeam "Chemnitzer SC Aufbau`95 1"]
[BlackTeam "Chemnitzer SC Aufbau`95 2"]
[WhiteFideId "1270302"]
[BlackFideId "12900370"]
[EventCountry "GER"]
[EventRounds "7"]
[EventType "team-swiss"]
[EventDate "2013.12.26"]

1. e4 c5 2. Nf3 d6 3. Bc4 Nc6 4. O-O Nf6 5. Re1 g6 6. c3 Bg7 7. h3 O-O 8. d4
cxd4 9. cxd4 Nd7 10. Nc3 a6 11. Bb3 b5 12. Bf4 Bb7 13. Qd2 Na5 14. Bc2 Nc4 15.
Qc1 Re8 16. b3 Na5 17. Qe3 Rc8 18. Rac1 Qb6 19. Qd3 Nf6 20. Bd1 Qa7 21. e5 dxe5
22. dxe5 Red8 23. Qe2 Nd5 24. Nxd5 Bxd5 25. Rxc8 Rxc8 26. Qd2 Qb7 27. Qxa5 b4
28. Bd2 Rb8 29. Qc5 a5 30. Qxa5 Ra8 31. Qc5 Rxa2 32. Bxb4 Bf8 33. Qd4 Qa8 34.
Qh4 Ra1 35. Rf1 Qa6 36. Qf4 Bxb3 37. Qd2 Qc4 38. Be2 Rxf1+ 39. Bxf1 1-0

[Event "DVM U20w 2013"]
[Site "Osnabrück GER"]
[Date "2013.12.27"]
[Round "1"]
[White "Pührer, Anne"]
[Black "Kempe, Anne"]
[Result "1/2-1/2"]
[Termination "normal"]
[Board "2.3"]
[WhiteElo "1724"]
[BlackElo "1791"]
[WhiteTeam "Chemnitzer SC Aufbau`95 2"]
[BlackTeam "Chemnitzer SC Aufbau`95 1"]
[WhiteFideId "24692247"]
[BlackFideId "12918083"]
[EventCountry "GER"]
[EventRounds "7"]
[EventType "team-swiss"]
[EventDate "2013.12.26"]

1. e4 c5 2. Nf3 Nc6 3. d4 cxd4 4. Nxd4 Nf6 5. Nc3 d6 6. Bc4 Qb6 7. Bb5 Bd7 8.
Be3 Qc7 9. Nd5 Nxd5 10. exd5 Ne5 11. Qe2 Rc8 12. O-O g6 13. b3 a6 14. Bxd7+
Nxd7 15. Rae1 Nf6 16. c4 Bg7 17. Bg5 h6 18. Bh4 g5 19. Bg3 Kf8 20. Nf5 Re8 21.
Rc1 Qd7 22. Nxg7 Kxg7 23. h4 Qf5 24. Rc3 Qd7 25. Qe3 1/2-1/2

[Event "DVM U20w 2013"]
[Site "Osnabrück GER"]
[Date "2013.12.27"]
[Round "1"]
[White "Ferrenberg, Lydia"]
[Black "Fischer, Franziska"]
[Result "1-0"]
[Termination "normal"]
[Board "2.4"]
[WhiteElo "1601"]
[BlackElo "1530"]
[WhiteTeam "Chemnitzer SC Aufbau`95 1"]
[BlackTeam "Chemnitzer SC Aufbau`95 2"]
[WhiteFideId "12931608"]
[BlackFideId "12924199"]
[EventCountry "GER"]
[EventRounds "7"]
[EventType "team-swiss"]
[EventDate "2013.12.26"]

1. c4 c6 2. Nf3 d5 3. b3 Nf6 4. Bb2 Bf5 5. d3 e6 6. g3 Bb4+ 7. Nbd2 Nbd7 8. a3
Bd6 9. Bg2 O-O 10. O-O Re8 11. Re1 e5 12. Nh4 Bg4 13. h3 Be6 14. e3 Nc5 15. Qe2
e4 16. dxe4 Nfxe4 17. Kh2 Nxd2 18. Qxd2 Nxb3 19. Qc3 f6 20. Qxb3 Qd7 21. cxd5
Bxd5 22. Bxd5+ cxd5 23. Qxd5+ Kh8 24. Qf3 Qb5 25. Reb1 Qc4 26. Nf5 Bc5 27. Nxg7
Rf8 28. Nh5 Be7 29. Rc1 Qe6 30. Rc7 Rad8 31. Bd4 b6 32. Rac1 Rd7 33. R1c6 Rd6
34. Rxd6 Qxd6 35. Rxa7 Qe6 36. Ra8 Kg8 37. Rxf8+ Kxf8 38. Nxf6 1-0

[Event "DVM U20w 2013"]
[Site "Osnabrück GER"]
[Date "2013.12.27"]
[Round "1"]
[White "Evers, Annika"]
[Black "Polert, Annika"]
[Result "0-1"]
[Termination "normal"]
[Board "3.1"]
[WhiteElo "1780"]
[BlackElo "1834"]
[WhiteTeam "SC Leipzig-Lindenau"]
[BlackTeam "TuRa Harksheide von 1945 Norderstedt e. V."]
[WhiteFideId "24691933"]
[BlackFideId "24692328"]
[EventCountry "GER"]
[EventRounds "7"]
[EventType "team-swiss"]
[EventDate "2013.12.26"]

1. d4 Nf6 2. Nf3 c5 3. e3 g6 4. Bd3 Bg7 5. O-O O-O 6. c3 d6 7. Nbd2 Nc6 8. Bc2
Qc7 9. Re1 e5 10. dxe5 dxe5 11. e4 Rd8 12. Qe2 b6 13. Nf1 Bb7 14. Bg5 h6 15.
Bh4 Rd7 16. Rad1 Rad8 17. Ne3 Rxd1 18. Rxd1 Rxd1+ 19. Qxd1 Ne7 20. Bxf6 Bxf6
21. Nd5 Nxd5 22. exd5 Qd6 23. c4 Bg7 24. Qd3 b5 25. b3 Kh7 26. h4 f5 27. Qe2 e4
28. Nd2 h5 29. Nf1 Bd4 30. Ne3 bxc4 31. bxc4 Bc8 32. Bb3 Qe7 33. g3 f4 34. Nc2
fxg3 35. Nxd4 gxf2+ 36. Qxf2 e3 37. Qe2 cxd4 38. Bc2 Qxh4 39. Qg2 Bg4 40. Bd3
Qe1+ 41. Kh2 e2 42. Bxg6+ Kh6 0-1

[Event "DVM U20w 2013"]
[Site "Osnabrück GER"]
[Date "2013.12.27"]
[Round "1"]
[White "Spangenberg, Pia"]
[Black "Rosmait, Emily"]
[Result "1/2-1/2"]
[Termination "normal"]
[Board "3.3"]
[WhiteElo "1779"]
[BlackElo "1715"]
[WhiteTeam "SC Leipzig-Lindenau"]
[BlackTeam "TuRa Harksheide von 1945 Norderstedt e. V."]
[WhiteFideId "4627989"]
[BlackFideId "12937754"]
[EventCountry "GER"]
[EventRounds "7"]
[EventType "team-swiss"]
[EventDate "2013.12.26"]

1. e4 e5 2. Nf3 Nc6 3. d4 exd4 4. Nxd4 Bc5 5. Be3 Qf6 6. c3 Nge7 7. g3 d5 8.
Bg2 dxe4 9. Nb5 Bd6 10. Nxd6+ cxd6 11. Bxe4 Bh3 12. Na3 O-O 13. Nb5 d5 14. Bc2
Bg2 15. Rg1 Bf3 16. Qd2 Ne5 17. Bg5 Qe6 18. Qe3 Nf5 19. Bxf5 Qxf5 20. Nd4 Qe4
21. Qxe4 dxe4 22. Kd2 h6 23. Be3 Rad8 24. Kc2 Bg4 25. Rh1 a6 26. h3 Bd7 27.
Rad1 Nc6 28. Nxc6 Bxc6 29. Rxd8 Rxd8 30. Rd1 Rxd1 31. Kxd1 Bb5 32. Kd2 Bf1 33.
h4 f5 34. Ke1 Bc4 35. a4 Bb3 36. a5 Kf7 37. Kd2 Ke6 38. Bd4 g6 1/2-1/2

[Event "DVM U20w 2013"]
[Site "Osnabrück GER"]
[Date "2013.12.27"]
[Round "1"]
[White "Brenner, Jytte"]
[Black "Klotz, Diana"]
[Result "1-0"]
[Termination "normal"]
[Board "3.4"]
[WhiteElo "981"]
[BlackElo "1000"]
[WhiteTeam "TuRa Harksheide von 1945 Norderstedt e. V."]
[BlackTeam "SC Leipzig-Lindenau"]
[WhiteFideId "12935123"]
[BlackFideId "12983187"]
[EventCountry "GER"]
[EventRounds "7"]
[EventType "team-swiss"]
[EventDate "2013.12.26"]

1. e4 Nf6 2. Nc3 e6 3. d4 Be7 4. Nf3 O-O 5. Bd3 d5 6. O-O Ng4 7. e5 f6 8. Bf4
fxe5 9. Bxe5 Bd6 10. Bxd6 cxd6 11. h3 Nf6 12. Re1 e5 13. dxe5 dxe5 14. Nxe5 a5
15. Nf3 Nc6 16. Bb5 Bd7 17. Nxd5 a4 18. Bc4 Na5 19. Nxf6+ Kh8 20. Nxd7 Rf7 21.
Bxf7 h6 22. Re8+ Qxe8 23. Bxe8 Rxe8 24. Qd4 Rg8 25. Qxa4 b6 26. Nxb6 Nb7 27.
Ne5 Kh7 28. Qe4+ g6 29. Qxb7+ Kh8 30. Qc6 Kg7 31. Qxg6+ Kf8 32. Nbd7+ Ke7 33.
Qxg8 Kd6 34. Rd1+ Kc7 35. Qb8# 1-0

[Event "DVM U20w 2013"]
[Site "Osnabrück GER"]
[Date "2013.12.27"]
[Round "1"]
[White "Kühnel, Lena"]
[Black "Bork, Sophie"]
[Result "1-0"]
[Termination "normal"]
[Board "4.1"]
[WhiteElo "1934"]
[BlackElo "1542"]
[WhiteTeam "Dortmunder Schachverein 1875"]
[BlackTeam "Schachverein Welper 1922 e.V."]
[WhiteFideId "24640956"]
[BlackFideId "12905429"]
[EventCountry "GER"]
[EventRounds "7"]
[EventType "team-swiss"]
[EventDate "2013.12.26"]

1. e4 e5 2. Nf3 Nc6 3. Bc4 Bc5 4. c3 Nf6 5. d4 exd4 6. e5 d5 7. Bb5 Ne4 8. cxd4
Bb6 9. Be3 O-O 10. O-O f5 11. g3 Ne7 12. Nc3 c6 13. Bd3 Ng6 14. Ne2 Qe7 15. Nd2
Nxd2 16. Qxd2 Be6 17. Rac1 Rf7 18. f4 Qd7 19. a3 Rff8 20. Nc3 Rac8 21. Na4 Qd8
22. Rc2 Rf7 23. Rfc1 Nf8 24. b4 Bd7 25. b5 cxb5 26. Rxc8 Bxc8 27. Nxb6 axb6 28.
Qc2 Be6 29. Bxb5 Qa8 30. Qb3 Qd8 31. Qc2 Qa8 32. a4 Qd8 33. Bd3 g6 34. Bd2 Bd7
35. Qb3 Bc6 36. Kf2 Ne6 37. Be3 Rf8 38. Rb1 Qa8 39. Bb5 Bxb5 40. Qxb5 Qd8 41.
Qxb6 Qxb6 42. Rxb6 Nd8 43. Rd6 Nc6 44. Rxd5 Ra8 45. Rd7 Rxa4 46. d5 Ra2+ 47.
Kg1 Ra1+ 48. Kg2 Ra2+ 49. Kh3 Nb4 50. e6 1-0

[Event "DVM U20w 2013"]
[Site "Osnabrück GER"]
[Date "2013.12.27"]
[Round "1"]
[White "Hoffmann, Hanna Dorina"]
[Black "Marx, Jasmin"]
[Result "0-1"]
[Termination "normal"]
[Board "4.3"]
[WhiteElo "1594"]
[BlackElo "1250"]
[WhiteTeam "Dortmunder Schachverein 1875"]
[BlackTeam "Schachverein Welper 1922 e.V."]
[WhiteFideId "12909858"]
[BlackFideId "12929620"]
[EventCountry "GER"]
[EventRounds "7"]
[EventType "team-swiss"]
[EventDate "2013.12.26"]

1. d4 d5 2. c4 c6 3. Nc3 Nf6 4. Bf4 Bf5 5. Qb3 Bc8 6. e3 e6 7. Nf3 Bd6 8. Bg3
O-O 9. Bd3 Re8 10. Rc1 Bxg3 11. hxg3 Nbd7 12. g4 Nf8 13. Ne5 N6d7 14. Qc2 g6
15. Nf3 Qf6 16. cxd5 exd5 17. Ne2 Ne6 18. O-O Ng5 19. Nh2 Qg7 20. Ng3 Nf6 21.
Qd1 Nfe4 22. Nxe4 Nxe4 23. Bxe4 Rxe4 24. Re1 Bd7 25. f3 Re7 26. e4 dxe4 27.
fxe4 Rae8 28. e5 f6 29. Nf1 fxe5 30. dxe5 Rxe5 31. Rxe5 Rxe5 32. Qa4 a6 33. Qb4
Rb5 34. Qc4+ Kh8 35. b3 Rd5 36. Qf4 Qd4+ 37. Qxd4+ Rxd4 38. Ne3 Re4 39. Rd1 Re7
40. Kf2 Kg8 41. Rd4 Kf7 42. Nc4 Be6 43. Rf4+ Ke8 44. Nd6+ Kd8 45. Ne4 Bd5 46.
Nf6 Kc7 47. g5 Kb6 48. Rd4 Rf7 49. Kg3 Kc5 50. Rh4 Re7 51. Nxh7 Re2 52. Nf6
Rxg2+ 53. Kf4 Be6 54. Ne4+ Kb6 55. Nc3 Rc2 56. Na4+ Kc7 57. Ke5 Bf5 58. Rh7+
Kb8 59. a3 Rg2 60. Kf6 Rg3 61. Nc5 Kc8 62. Rxb7 Rc3 63. b4 Rxc5 64. bxc5 Kxb7
65. Ke5 a5 66. Kd4 Ka6 67. Kc4 Be6+ 68. Kc3 Kb5 69. Kd4 Bd5 70. Kc3 Kxc5 71. a4
Kb6 72. Kd4 Bb3 73. Ke5 Bxa4 74. Kd4 Bc2 75. Kc3 Bf5 76. Kb3 Kb5 77. Kc3 a4 78.
Kb2 Kb4 79. Ka1 Bg4 80. Kb2 a3+ 81. Ka2 c5 82. Kb1 Kb3 83. Ka1 c4 84. Kb1 Kc3
85. Kc1 Bc8 86. Kb1 Kd2 0-1

[Event "DVM U20w 2013"]
[Site "Osnabrück GER"]
[Date "2013.12.27"]
[Round "1"]
[White "Schaller, Bettina"]
[Black "Finke, Lara"]
[Result "0-1"]
[Termination "normal"]
[Board "4.4"]
[WhiteElo "1262"]
[BlackElo "1664"]
[WhiteTeam "Schachverein Welper 1922 e.V."]
[BlackTeam "Dortmunder Schachverein 1875"]
[WhiteFideId "12929638"]
[BlackFideId "12909874"]
[EventCountry "GER"]
[EventRounds "7"]
[EventType "team-swiss"]
[EventDate "2013.12.26"]

1. d4 d5 2. c4 c6 3. Nc3 Nf6 4. cxd5 cxd5 5. e3 e6 6. Nf3 Bd6 7. Bd3 O-O 8. O-O
Bd7 9. Bd2 a6 10. a4 Nc6 11. e4 dxe4 12. Nxe4 Be7 13. Bc3 Nd5 14. Bd2 Rc8 15.
Qb3 Rb8 16. Rfc1 Re8 17. Nc5 Qc7 18. Be4 Nf6 19. Qd3 Qd8 20. Bf4 Rc8 21. b3
Bxc5 22. dxc5 Nb4 23. Qe3 Nfd5 24. Bxd5 Nxd5 25. Qd4 Bc6 26. Be5 f6 27. Bg3 Kh8
28. Qd2 Ne7 29. Bd6 Nd5 30. Rc4 Ne7 31. Nd4 Bd5 32. Rc3 Nc6 33. Qe3 e5 34. Nxc6
Bxc6 35. h3 Qd7 36. Qd3 Qe6 37. a5 Red8 38. Qe3 Bd5 39. Rb1 Qf5 40. Rb2 Qe6 41.
b4 Bc6 42. Qd2 Qf7 43. Qe3 Qd5 44. Qf3 Qxf3 45. gxf3 Kg8 46. Re3 Kf7 47. Kh2 g5
48. Rb1 Rg8 49. Kg3 h5 50. Rb2 Kg6 51. Reb3 Kf5 52. Kh2 g4 53. fxg4+ hxg4 54.
Kg3 gxh3+ 55. Kh2 Rg2+ 56. Kh1 Rxf2+ 57. Kg1 h2+ 58. Kxf2 h1=Q 0-1

[Event "DVM U20w 2013"]
[Site "Osnabrück GER"]
[Date "2013.12.27"]
[Round "1"]
[White "Eue, Vicky"]
[Black "Manusina, Nicole"]
[Result "0-1"]
[Termination "normal"]
[Board "5.1"]
[WhiteElo "1646"]
[BlackElo "1827"]
[WhiteTeam "Leegebrucher Schachfreunde"]
[BlackTeam "SK Lehrte"]
[WhiteFideId "12945838"]
[BlackFideId "24657514"]
[EventCountry "GER"]
[EventRounds "7"]
[EventType "team-swiss"]
[EventDate "2013.12.26"]

1. e4 c6 2. c4 d5 3. cxd5 cxd5 4. exd5 Qxd5 5. Nc3 Qa5 6. d4 Nf6 7. Nf3 Bg4 8.
h3 Bh5 9. Bd2 Qd8 10. Qa4+ Nbd7 11. Ne5 a6 12. Nxd7 Nxd7 13. g4 Bg6 14. Bg2 e6
15. Qb3 e5 16. O-O Be7 17. dxe5 O-O 18. Be3 Bc5 19. Ne2 Bxe3 20. Qxe3 Qc7 21.
f4 h6 22. f5 Bh7 23. e6 fxe6 24. fxe6 Nf6 25. Nf4 Rfe8 26. Rac1 Qa5 27. Bxb7
Rab8 28. Bc6 Re7 29. Qd4 Rd8 30. Qc5 Qc7 31. Bd7 Qxc5+ 32. Rxc5 Nxd7 33. exd7
Rexd7 34. Ne6 Re8 35. Rc7 Rxc7 36. Nxc7 Re2 37. Rf2 Re1+ 38. Kh2 Bd3 39. a3 Kh7
40. Rd2 Re2+ 41. Rxe2 Bxe2 42. Kg3 Kg6 43. Kf4 Kf6 44. Ne8+ Kf7 45. Nd6+ Ke6
46. Nf5 Kf6 47. b4 Bf1 48. Kg3 Bb5 49. h4 Bd7 50. Kf4 g5+ 51. hxg5+ hxg5+ 52.
Ke4 Be6 53. Ne3 Bd7 54. Kd5 Bb5 55. Kd6 Kf7 56. Ke5 Bd7 57. Nf5 Kg6 58. Ne3 Kf7
59. Kd5 Bb5 60. Kc5 Kf6 61. Nd5+ Ke5 62. Nc7 Be2 63. Nxa6 Bxa6 64. b5 Bc8 65.
Kc6 Bxg4 66. b6 Bf3+ 67. Kc7 g4 68. a4 g3 69. a5 g2 70. a6 g1=Q 0-1

[Event "DVM U20w 2013"]
[Site "Osnabrück GER"]
[Date "2013.12.27"]
[Round "1"]
[White "Böhm, Jana"]
[Black "Reck, Jessica"]
[Result "1-0"]
[Termination "normal"]
[Board "5.2"]
[WhiteElo "1705"]
[BlackElo "1274"]
[WhiteTeam "SK Lehrte"]
[BlackTeam "Leegebrucher Schachfreunde"]
[WhiteFideId "24661589"]
[BlackFideId "12917931"]
[EventCountry "GER"]
[EventRounds "7"]
[EventType "team-swiss"]
[EventDate "2013.12.26"]

1. e4 e6 2. d4 d5 3. Nd2 Nf6 4. e5 Nfd7 5. Bd3 c5 6. c3 Qb6 7. Ne2 Nc6 8. Nf3
cxd4 9. cxd4 Qb4+ 10. Qd2 b6 11. a3 Qa5 12. O-O Nb4 13. axb4 Bxb4 14. Rxa5 Bxd2
15. Ra1 Bb4 16. Bd2 Be7 17. Rfc1 O-O 18. Rc7 a5 19. Bb5 Bd8 20. Rxd7 Bxd7 21.
Bxd7 Ra7 22. Ba4 Rc7 23. b4 Rb7 24. bxa5 bxa5 25. Nc3 Be7 26. Nb5 Ra8 27. Kf1
Bb4 28. Rc1 Bxd2 29. Nxd2 g6 30. Ke2 Kg7 31. f4 Rbb8 32. Nb3 Rc8 33. Nc5 Kg8
34. g4 h6 35. Rf1 h5 36. f5 exf5 37. gxf5 Kg7 38. e6 fxe6 39. fxe6 Rf8 40. Nc7
1-0

[Event "DVM U20w 2013"]
[Site "Osnabrück GER"]
[Date "2013.12.27"]
[Round "1"]
[White "Sauer, Annika"]
[Black "Schulze, Lara"]
[Result "0-1"]
[Termination "normal"]
[Board "5.3"]
[WhiteElo "1350"]
[BlackElo "1759"]
[WhiteTeam "Leegebrucher Schachfreunde"]
[BlackTeam "SK Lehrte"]
[WhiteFideId "12952052"]
[BlackFideId "12956830"]
[EventCountry "GER"]
[EventRounds "7"]
[EventType "team-swiss"]
[EventDate "2013.12.26"]

1. d4 d5 2. Nf3 Nf6 3. e3 Bg4 4. Bd3 e6 5. Nbd2 c5 6. b3 Nc6 7. Bb2 Bh5 8. Qb1
Bg6 9. c4 Nb4 10. Bxg6 hxg6 11. a3 Nc6 12. dxc5 Bxc5 13. b4 Be7 14. Nd4 Qc7 15.
g3 Nxd4 16. Bxd4 e5 17. Bb2 dxc4 18. Qc2 Rc8 19. Rc1 b5 20. Qc3 Bd6 21. e4 Qb7
22. Qc2 Ng4 23. Nf3 f5 24. Qd1 Qxe4+ 25. Qe2 Qxe2+ 26. Kxe2 e4 27. Ng5 Be5 28.
Bxe5 Nxe5 29. Ne6 Kf7 30. Nd4 a6 31. h4 Rhd8 32. Nc2 Nf3 33. Rhd1 Rd3 34. Ne1
Nxe1 35. Kxe1 Rxa3 36. Rd7+ Ke6 37. Rxg7 Kf6 38. Rd7 Rd3 39. Ra7 Rc6 40. Ke2
Ke5 41. Ra1 Rdd6 42. Re7+ Kf6 43. Re8 c3 44. Rc1 Rd4 45. Rf8+ Kg7 46. Rb8 Kf6
47. Rf8+ Ke7 48. Rh8 Rxb4 49. Rh7+ Ke6 50. h5 Rb2+ 51. Kd1 Rxf2 52. hxg6 Kf6
53. Rh4 e3 54. Ke1 Kxg6 55. Rf4 Rxf4 56. gxf4 b4 57. Ke2 Re6 58. Rg1+ Kf7 59.
Kd3 a5 60. Ra1 e2 61. Re1 a4 62. Kc4 c2 63. Kxb4 c1=Q 64. Rxc1 e1=Q+ 65. Rxe1
Rxe1 66. Kxa4 Rb1 67. Ka3 Ke6 68. Ka2 Rb8 69. Ka3 Kd5 70. Ka4 Kc5 71. Ka3 Kc4
72. Ka2 Kc3 73. Ka1 Kc2 74. Ka2 Ra8# 0-1

[Event "DVM U20w 2013"]
[Site "Osnabrück GER"]
[Date "2013.12.27"]
[Round "1"]
[White "Dannenberg, Nicole"]
[Black "Wolff, Marie Antoinette"]
[Result "0-1"]
[Termination "normal"]
[Board "5.4"]
[WhiteElo "1161"]
[BlackElo "1406"]
[WhiteTeam "SK Lehrte"]
[BlackTeam "Leegebrucher Schachfreunde"]
[WhiteFideId "1270508"]
[BlackFideId "12908258"]
[EventCountry "GER"]
[EventRounds "7"]
[EventType "team-swiss"]
[EventDate "2013.12.26"]

1. c4 c5 2. Nc3 Nf6 3. g3 g6 4. Bg2 Bg7 5. e3 O-O 6. Nge2 Nc6 7. O-O Rb8 8. b3
a6 9. d3 b5 10. Bb2 Bb7 11. Qc2 Nb4 12. Qd2 Bxg2 13. Kxg2 d5 14. cxd5 Nfxd5 15.
d4 c4 16. bxc4 bxc4 17. Nc1 Nd3 18. Nxd3 cxd3 19. Rab1 Nxc3 20. Bxc3 Qd5+ 21.
Kg1 Qc4 22. Rb2 Rfc8 23. Rc1 Rb5 24. Rb3 Rxb3 25. axb3 Qxb3 26. Qxd3 a5 27. Qa6
Rxc3 28. Rxc3 Qxc3 29. Qb7 a4 30. Qb1 a3 31. Qb8+ Bf8 32. Qb1 Qb2 0-1

[Event "DVM U20w 2013"]
[Site "Osnabrück GER"]
[Date "2013.12.27"]
[Round "1"]
[White "Stoll, Katja"]
[Black "Wilke, Tabea"]
[Result "1/2-1/2"]
[Termination "normal"]
[Board "6.1"]
[WhiteElo "1855"]
[BlackElo "1748"]
[WhiteTeam "SC Bechhofen 1923 e.V."]
[BlackTeam "SC 1979 Hattersheim"]
[WhiteFideId "1271730"]
[BlackFideId "12910015"]
[EventCountry "GER"]
[EventRounds "7"]
[EventType "team-swiss"]
[EventDate "2013.12.26"]

1. e4 c5 2. Nf3 Nc6 3. c4 e5 4. Nc3 d6 5. h3 Nf6 6. Bd3 Be7 7. Bc2 Be6 8. d3
Qd7 9. a3 O-O 10. Ng5 Rab8 11. O-O a6 12. Ba4 Qc8 13. Nxe6 fxe6 14. Rb1 Nd4 15.
Be3 b5 16. cxb5 axb5 17. Bxd4 exd4 18. Nxb5 Qa6 19. Qb3 d5 20. exd5 Nxd5 21.
Qc4 Rb7 22. Nxd4 Qxc4 23. dxc4 Nb6 24. Nxe6 Nxa4 25. Nxf8 Kxf8 26. b3 Nc3 27.
Rb2 Na4 28. Rbb1 Nc3 29. Rb2 Na4 30. Rbb1 Nc3 1/2-1/2

[Event "DVM U20w 2013"]
[Site "Osnabrück GER"]
[Date "2013.12.27"]
[Round "1"]
[White "Rosmanitz, Anna"]
[Black "Schäfer, Ann-Kathrin"]
[Result "0-1"]
[Termination "normal"]
[Board "6.2"]
[WhiteElo "1631"]
[BlackElo "1710"]
[WhiteTeam "SC 1979 Hattersheim"]
[BlackTeam "SC Bechhofen 1923 e.V."]
[WhiteFideId "12910058"]
[BlackFideId "24615412"]
[EventCountry "GER"]
[EventRounds "7"]
[EventType "team-swiss"]
[EventDate "2013.12.26"]

1. e4 Nc6 2. Nf3 f5 3. Nc3 fxe4 4. Nxe4 d5 5. Ng3 e5 6. Bb5 Bd6 7. d4 e4 8. Ng5
Nf6 9. O-O O-O 10. c4 Be7 11. b3 Na5 12. cxd5 Qxd5 13. Qe2 a6 14. Bc4 Nxc4 15.
Qxc4 Rd8 16. Bb2 h6 17. N5xe4 c6 18. Rfe1 Kf8 19. Qd3 Be6 20. Rac1 Rac8 21. Nc5
Bxc5 22. Rxc5 Qxc5 23. Rxe6 Qd5 24. Qe3 Re8 25. Ba3+ Kg8 26. Re7 Rxe7 27. Qxe7
Nd7 28. h3 Qf7 29. Qe4 Re8 30. Qg4 Nf6 31. Qf3 Nd5 32. Qd3 Nf4 33. Qc2 Qd5 34.
f3 Qxd4+ 35. Kh2 Nd3 36. Nf5 Qf4+ 37. Ng3 Ne5 38. Bc1 Qf6 39. Ne4 Qf5 0-1